000
002290000a22000970004500
100
1
_a
Grillo, Andrés
245
1
0
_a
El sida llegó al hogar
300
_a
Vol. 78, Núm 78 (1994), Páginas 38-44
773
0
_t
Cambio 16
942
_c
ANA
999
_c
58700
_d
58700